000 00564nam a22002057a 4500
005 20220308101550.0
008 220308b ||||| |||| 00| 0 eng d
020 _a8433913751
040 _cCAAAP
041 _aspa
050 4 _aBF433.07
_bM3
100 1 _93573
_aMarina, José Antonio.
245 1 0 _aTeoría de la inteligencia creadora /
_cJosé Antonio Marina
250 _a9a ed.
260 _aBarcelona:
_bAnagrama,
_c1998
300 _a384 p.
_c22 cm.
490 0 _aColección argumentos,
_v145
650 1 0 _94974
_aEnsayos
942 _2lcc
_bDD - MM - AA
_cBK
999 _c3473
_d3473